LEADER 03146nam 2200709Ia 450 001 9910451188603321 005 20200520144314.0 010 $a1-281-36268-9 010 $a9786611362683 010 $a0-230-60337-8 024 7 $a10.1057/9780230603370 035 $a(CKB)1000000000342457 035 $a(EBL)307610 035 $a(OCoLC)475228802 035 $a(SSID)ssj0000276958 035 $a(PQKBManifestationID)11234760 035 $a(PQKBTitleCode)TC0000276958 035 $a(PQKBWorkID)10233738 035 $a(PQKB)11237832 035 $a(DE-He213)978-0-230-60337-0 035 $a(MiAaPQ)EBC307610 035 $a(PPN)232614067 035 $a(Au-PeEL)EBL307610 035 $a(CaPaEBR)ebr10171527 035 $a(CaONFJC)MIL136268 035 $a(EXLCZ)991000000000342457 100 $a20070105d2007 uy 0 101 0 $aeng 135 $aur|n|---||||| 181 $ctxt 182 $cc 183 $acr 200 10$aArab American literary fictions, cultures, and politics$b[electronic resource] /$fSteven Salaita 205 $a1st ed. 210 $aNew York $cPalgrave Macmillan$dc2007 215 $a1 online resource (209 p.) 225 1 $aAmerican literature readings in the 21st century 300 $aDescription based upon print version of record. 311 $a1-349-53687-3 311 $a1-4039-7620-1 320 $aIncludes bibliographical references (p. [181]-191) and index. 327 $aCover; Contents; Preface; Acknowledgments; Introduction: Searching Diversities: Observations of an Arab Ex-Student; 1 Problems of Inclusion: Arab American Studies and Ambiguous States of Being; 2 The Internationalization of the Nation: The Uses of the Lebanese Civil War in Arab American Fiction; 3 Honesty Lost: The Strange Circumstances of Love, Death, and Norma Khouri; 4 Escaping Inadequate Spaces: Anti-Arab Racism and Liberating Fictions; Conclusion: Multicultural and Monocultural Disjunctions; Notes; Bibliography; Index 330 $aN.B. this is a 'Palgrave to Order' title. Stock of this book requires shipment from overseas. It will be delivered to you within 12 weeks. Using literary and social analysis, this book examines a range of modern Arab American literary fiction and illustrates how socio-political phenomena have affected the development of the Arab American novel. 410 0$aAmerican literature readings in the 21st century. 606 $aAmerican literature$xArab American authors$xHistory and criticism 606 $aArab Americans in literature 606 $aAuthors, Arab$zUnited States 606 $aNovelists, Arab$zUnited States 608 $aElectronic books. 615 0$aAmerican literature$xArab American authors$xHistory and criticism. 615 0$aArab Americans in literature. 615 0$aAuthors, Arab 615 0$aNovelists, Arab 676 $a813.0098927073 700 $aSalaita$b Steven$f1975-$0719668 801 0$bMiAaPQ 801 1$bMiAaPQ 801 2$bMiAaPQ 906 $aBOOK 912 $a9910451188603321 996 $aArab American literary fictions, cultures and politics$91397591 997 $aUNINA LEADER 02950nam 22007214a 450 001 9910783459103321 005 20231016082717.0 010 $a0-19-160364-3 010 $a9786611154653 010 $a1-4356-2419-X 010 $a1-281-15465-2 010 $a0-19-153719-5 035 $a(CKB)1000000000221660 035 $a(EBL)3053210 035 $a(OCoLC)922954141 035 $a(SSID)ssj0000100268 035 $a(PQKBManifestationID)12016234 035 $a(PQKBTitleCode)TC0000100268 035 $a(PQKBWorkID)10036961 035 $a(PQKB)10301142 035 $a(SSID)ssj0000085259 035 $a(PQKBManifestationID)11112602 035 $a(PQKBTitleCode)TC0000085259 035 $a(PQKBWorkID)10007405 035 $a(PQKB)11011782 035 $a(StDuBDS)EDZ0000075383 035 $a(MiAaPQ)EBC3053210 035 $a(Au-PeEL)EBL3053210 035 $a(CaPaEBR)ebr10283616 035 $a(CaONFJC)MIL115465 035 $a(MiAaPQ)EBC7035414 035 $a(Au-PeEL)EBL7035414 035 $a(EXLCZ)991000000000221660 100 $a20050912d2006 uy 0 101 0 $aeng 135 $aur|n|---||||| 181 $ctxt 182 $cc 183 $acr 200 10$aAgency and autonomy in Kant's moral theory$b[electronic resource] /$fAndrews Reath 210 $aOxford $cClarendon Press ;$aOxford ;$aNew York $cOxford University Press$d2006 215 $a1 online resource (290 p.) 300 $aDescription based upon print version of record. 311 $a0-19-928882-8 311 $a0-19-928883-6 320 $aIncludes bibliographical references (p. [270]-274) and indexes. 327 $aKant's theory of moral sensibility : respect for the moral law and the influence of inclination -- Hedonism, heteronomy, and Kant's principle of happiness -- The categorical imperative and Kant's conception of practical rationality -- Legislating the moral law -- Autonomy of the will as the foundation of morality -- Legislating for a realm of ends : the social dimension of autonomy -- Agency and universal law -- Self-legislation and duties to oneself -- Agency and the imputation of consequences in Kant's ethics. 330 8 $aReath presents a selection of his essays on various features of Kant's moral philosophy and moral theory, with particular emphasis on his conception of rational agency and autonomy. He explores Kant's belief that objective moral requrirements are based on principles we choose for ourselves. 606 $aAct (Philosophy) 606 $aAgent (Philosophy) 606 $aAutonomy (Philosophy) 615 0$aAct (Philosophy) 615 0$aAgent (Philosophy) 615 0$aAutonomy (Philosophy) 676 $a170.92 700 $aReath$b Andrews$01474999 801 0$bMiAaPQ 801 1$bMiAaPQ 801 2$bMiAaPQ 906 $aBOOK 912 $a9910783459103321 996 $aAgency and autonomy in Kant's moral theory$93688970 997 $aUNINA